000 00632nam a2200217Ii 4500
003 JO-AjNU
008 230605s9999||||xx |||||||||||||| ||und||
017 _a2006/9/2006
040 _aJO-AjNU
_bara
_erda
_cJO-AjNU
041 _aara
050 1 4 _aPJ7812.G42.I37 2006
100 3 _aالعلي، غسان,
_eauthor
_948816
245 0 0 _aأهرميان
250 _aط1
264 3 1 _aعمان: وزارة الثقافة، 2006
300 _a180ص
336 _atext
_btxt
_2rdacontent
337 _aunmediated
_bn
_2rdamedia
338 _avolume
_bnc
_2rdacarrier
650 4 _aقصص - ادب عربي - عصر حديث
_948817
999 _aA21403
_c24971
_d24971